| 000 | 00932nam a2200289Ia 4500 | ||
|---|---|---|---|
| 003 | OSt | ||
| 005 | 20221007124717.0 | ||
| 006 | a|||||r|||| 00| 0 | ||
| 007 | ta | ||
| 008 | 221006b |||||||| |||| 00| 0 eng d | ||
| 020 | _a9788130915852 (pbk) | ||
| 024 | _a194259 | ||
| 037 |
_b898, 12/10/2015, Dhanraj Book House _cTextual |
||
| 040 |
_aCDL _cCDL _beng |
||
| 041 |
_2eng _aeng |
||
| 082 | _aE1, P0;15-;16 Carc | ||
| 100 |
_aWulfsberg Gary _9720204 |
||
| 245 | 0 | _aInorganic chemistry | |
| 260 |
_aNew _bDelhi Viva Book _c2002 |
||
| 300 |
_axix, 978p. ill. _ccm. |
||
| 500 | _aAppendix A-B 927-948p.; Index 968-978p.; Reprint 2014. | ||
| 650 |
_a Inorganic molecular _9720205 |
||
| 650 |
_a Inorganic reactions mechanisms _9720206 |
||
| 650 |
_aMonoatomic _9720207 |
||
| 942 |
_hE1, P0;15-;16 Carc _cTEXL _2CC |
||
| 999 |
_c1213970 _d1213970 |
||